| 000 | 00475nam a2200157Ia 4500 | ||
|---|---|---|---|
| 999 |
_c18936 _d18936 |
||
| 003 | OSt | ||
| 005 | 20200707104433.0 | ||
| 008 | 190216s9999||||xx |||||||||||||| ||und|| | ||
| 040 | _coclc | ||
| 082 |
_a973 _bSAN/C |
||
| 100 |
_aSanders, Jennings B _93589 |
||
| 245 | 0 |
_aA College History Of The United States / _cJennings B Sanders |
|
| 260 |
_bRow Peterson & Company, _c1962. _aNew York: |
||
| 300 | _a681p | ||
| 942 |
_cBK _2ddc _h973 _iSAN/C _k973 _mSAN/C |
||